Educated unemployment and youth in North East India: A critique of established paradigms (Record no. 530301)

000 -LEADER
fixed length control field 00895nam a22001457a 4500
008 - FIXED-LENGTH DATA ELEMENTS--GENERAL INFORMATION
fixed length control field 250604b ||||| |||| 00| 0 eng d
100 ## - MAIN ENTRY--PERSONAL NAME
Personal name Singh, Mayengbam Nandakishwor
245 ## - TITLE STATEMENT
Title Educated unemployment and youth in North East India: A critique of established paradigms
260 ## - PUBLICATION, DISTRIBUTION, ETC. (IMPRINT)
Place of publication, distribution, etc The Indian Journal of Political Science
300 ## - PHYSICAL DESCRIPTION
Extent 85(4), Oct-Dec, 2024: p.917-924
520 ## - SUMMARY, ETC.
Summary, etc While the youths of the north east India are vastly educated, there are clamor about youths of the region experiencing the acute shrinking of job opportunities. In the popular debate, failure of the government coupled with the several nefarious practices is accounted for the scarcity of job avenues for the educated youths. – Reproduce
650 ## - SUBJECT ADDED ENTRY--TOPICAL TERM
Topical term or geographic name as entry element Works, Knowledge, Market, Economy, Labour, Policy, Government.
9 (RLIN) 54081
773 ## - HOST ITEM ENTRY
Main entry heading The Indian Journal of Political Science
942 ## - ADDED ENTRY ELEMENTS (KOHA)
Item type Articles
Holdings
Withdrawn status Lost status Source of classification or shelving scheme Damaged status Not for loan Permanent location Current location Date acquired Serial Enumeration / chronology Barcode Date last seen Koha item type
          Indian Institute of Public Administration Indian Institute of Public Administration 2025-06-04 85(4), Oct-Dec, 2024: p.917-924 AR136116 2025-06-04 Articles

Powered by Koha